Los mitos de Cthulhu (Registro nro. 309061)
[ vista simple ]
| 000 -ENCABEZADO | |
|---|---|
| Número de control [NR] | 01040cam a2200301Ia 4500 |
| 001 - NÚMERO DE CONTROL | |
| control field | ocn812160299 |
| 003 - IDENTIFICADOR DE CONTROL NÚMERO | |
| control field | Co-BoUCM |
| 005 - FECHA Y HORA DE LA ÚLTIMA TRANSACCIÓN | |
| control field | 20180418094300.0 |
| 008 - DE LONGITUD FIJA DE DATOS DE ELEMENTOS - INFORMACIÓN GENERAL | |
| Elementos de longitud fija [NR] | 170209s2016 sp b 000 0 spa d |
| 020 ## - NUMERO INTERNACIONAL NORMALIZADO PARA LIBROS [R] | |
| Número Internacional Normalizado del libro [NR] | 9788415999676 |
| 035 ## - NUMERO DE CONTROL DEL SISTEMA [R] | |
| Número de control del sistema [NR] | (OCoLC)812160299 |
| Numero Cancelado/no válido [R] | (OCoLC)738360545 |
| 040 ## - FUENTE DE CATALOGACION [NR] | |
| Agencia de catalogación original [NR] | Co-BoUCM |
| Idioma de catalogación [NR] | spa |
| Quien Cataloga | Saul Niño |
| Quien Clasifica | Saul Niño |
| 041 1# - CODIGO DE IDIOMA [R] | |
| Código de idioma para texto/pista de sonido o título separado [R] | Español |
| Language code of original and/or intermediate translations of text | eng |
| 100 10 - ASIENTO PRINCIPAL--NOMBRE PERSONAL [NR] | |
| Nombre personal [NR] | Lovecraft, Howard Phillips |
| Fechas asociadas con el nombre [NR] | 1890-1937 |
| Forma más completa del nombre [NR] | (Howard Phillips) |
| ID Autoridad | 91251 |
| 245 04 - MENCION DE TITULO [NR] | |
| Título [NR] | Los mitos de Cthulhu |
| Mención de responsabilidad, etc. [NR] | by H.P. Lovecraft ; traducción de: Frances LL. Cardona |
| 246 03 - FORMA VARIANTE DEL TITULO [R] | |
| Título propiamente dicho/forma breve del título [NR] | The cthulhu mythos |
| 260 ## - PUBLICACION, DISTRIBUCION, ETC. (PIE DE IMPRENTA) [R] | |
| Lugar de publicación, distribución, etc. [R] | Barcelona (España) |
| Nombre del editor, distribuidor, etc. [R] | Book Trade |
| Fecha de publicación, distribución, etc. [R] | 2016 |
| 300 ## - DESCRIPCION FISICA [R] | |
| Extensión [R] | 313 páginas |
| 490 0# - MENCION DE SERIE [R] | |
| Mención de serie [R] | Fontana bilingüe |
| 490 0# - MENCION DE SERIE [R] | |
| Mención de serie [R] | Serie A |
| Designación numérica/secuencial del volumen [NR] | 7 |
| 546 ## - NOTA DE IDIOMA [R] | |
| Nota de idioma [NR] | Texto en español e inglés |
| 650 #7 - ASIENTO SECUNDARIO DE MATERIA - TERMINO TEMATICO [R] | |
| Término temático o nombre geográfico como elemento de entrada [NR] | Literatura norteamericana |
| 9 (RLIN) | 18714 |
| 650 #7 - ASIENTO SECUNDARIO DE MATERIA - TERMINO TEMATICO [R] | |
| Término temático o nombre geográfico como elemento de entrada [NR] | Cuentos estadounidenses |
| 9 (RLIN) | 12271 |
| 650 #7 - ASIENTO SECUNDARIO DE MATERIA - TERMINO TEMATICO [R] | |
| Término temático o nombre geográfico como elemento de entrada [NR] | Terror en la literatura |
| 9 (RLIN) | 25423 |
| 700 1# - ASIENTO SECUNDARIO - NOMBRE PERSONAL [R] | |
| Nombre personal [NR] | Cardona, Francesc LL. |
| Término de relación [R] | traductor |
| 9 (RLIN) | 35639 |
| 942 ## - ELEMENTOS DE ENTRADA AGREGADOS (KOHA) | |
| Sistema de clasificación | DEWEY |
| Tema principal | Literatura |
| Tipo de ítem principal el descrito en 300a | Libro |
| Edición | 1 |
| Clasificación | 813.5 |
| Parte restante de la signatura top. | L897m |
| Título oculto en OPAC | No |
| Fecha de último préstamo | Total préstamos | Total Renewals | Signatura topográfica | Código de barras | Última vez visto | Ejemplar | Costo de reposición | Price effective from | Tipo de ítem | Nota pública (OPAC) | Perdido | Sistema de clasificación | Dañado | No prestable | Tipo de ítem específico | Suprimido | Ubicación habitual | Ubicación actual | Localización | Fecha de creación | Proveedor | Forma de adquisición | Costo |
|---|---|---|---|---|---|---|---|---|---|---|---|---|---|---|---|---|---|---|---|---|---|---|---|
| 19/09/2019 | 3 | 5 | 813.5 L897m | 100156444 | 11/12/2025 | Ej.1 | 34425.00 | 05/02/2018 | Libro | Spot Literatura general | DEWEY | Libro | Quinta de Mutis | Quinta de Mutis | Mezanecs | 05/02/2018 | 9 | Compra | 34425.00 |